000 00875cab a2200229 4500
001 ##L134139
008 060713n2006 000 0 eng u
035 _a(Sirsi) u134139
041 0 _aeng
100 1 _aBill, Peter
245 0 0 _aTop agents
260 _c2006
490 0 _aEstates Gazette
_v(0627) 8 July 2006, 59-67(9)
520 _aTop agents have had another boom year according to the 10th annual "Estates Gazette" agents' table. Covers top 20 agents' total UK turnover, top 73 agents by UK turnover and top 73 agents ranked by turnover per head. Includes articles on Atisreal's acquisitions' plans and the top 10 global agents over the last decade.
590 _aIKA180706 NTK
650 2 4 _aEG TOP AGENTS TABLE
651 4 _aUnited Kingdom
_y
690 _aPROPERTY-PROPERTY AGENCY
700 1 _aCatalano, Alex
700 1 _aWehner, Piers
942 _n0
999 _c77386
_d77386